<?xml version="1.0" encoding="UTF-8"?>
<record
    xmlns:xsi="http://www.w3.org/2001/XMLSchema-instance"
    xsi:schemaLocation="http://www.loc.gov/MARC21/slim http://www.loc.gov/standards/marcxml/schema/MARC21slim.xsd"
    xmlns="http://www.loc.gov/MARC21/slim">

  <leader>00715cam a2200205 a 4500</leader>
  <controlfield tag="001">sa 68020872 </controlfield>
  <controlfield tag="003">DLC</controlfield>
  <controlfield tag="005">20260227112728.0</controlfield>
  <controlfield tag="008">950303m19659999ii            000 0 urdo </controlfield>
  <datafield tag="010" ind1=" " ind2=" ">
    <subfield code="a">sa 68020872 </subfield>
  </datafield>
  <datafield tag="040" ind1=" " ind2=" ">
    <subfield code="a">DLC</subfield>
    <subfield code="c">DLC</subfield>
    <subfield code="d">DLC</subfield>
  </datafield>
  <datafield tag="050" ind1="0" ind2="0">
    <subfield code="a">BP184.2</subfield>
    <subfield code="b">.M3</subfield>
  </datafield>
  <datafield tag="245" ind1="0" ind2="0">
    <subfield code="a">Ma&#x2BB;&#x101;rif-i Madniyyah, taqr&#x12B;r-i tirmiz&#x12B; shar&#x12B;f ... /</subfield>
    <subfield code="c">Sayyid &#x1E24;usain A&#x1E25;mad Madn&#x12B; ... va d&#x12B;gar ak&#x101;bir ... m&#x16B;&#x2BC;allif, T&#x324;&#x101;hir &#x1E24;usain.</subfield>
  </datafield>
  <datafield tag="260" ind1=" " ind2=" ">
    <subfield code="a">Th&#x101;nah bhavan :</subfield>
    <subfield code="b">Majlis M&#x2BB;&#x101;rif-i Madn&#x12B;,</subfield>
    <subfield code="c">[1965?-]&lt;1975&gt;</subfield>
  </datafield>
  <datafield tag="300" ind1=" " ind2=" ">
    <subfield code="a">v. &lt;1, 8   &gt; ;</subfield>
    <subfield code="c">24 cm.</subfield>
  </datafield>
  <datafield tag="546" ind1=" " ind2=" ">
    <subfield code="a">In Urdu.</subfield>
  </datafield>
  <datafield tag="650" ind1=" " ind2="0">
    <subfield code="a">Prayer</subfield>
    <subfield code="x">Islam.</subfield>
  </datafield>
  <datafield tag="650" ind1=" " ind2="0">
    <subfield code="a">Hadith</subfield>
    <subfield code="x">Criticism, interpretation, etc.</subfield>
  </datafield>
  <datafield tag="700" ind1="1" ind2=" ">
    <subfield code="a">Madn&#x12B;, Sayyid &#x1E24;usain A&#x1E25;mad,</subfield>
    <subfield code="d">1878-1957.</subfield>
  </datafield>
  <datafield tag="999" ind1=" " ind2=" ">
    <subfield code="c">89617</subfield>
    <subfield code="d">89617</subfield>
  </datafield>
</record>
